First 151 Pokemon (German names) - Statistics

General Stats
  • This quiz has been taken 1,751 times
  • The average score is 84 of 151
Answer Stats
# Pokemon % Correct
001 Bisasam
95%
004 Glumanda
95%
006 Glurak
94%
003 Bisaflor
93%
025 Pikachu
92%
007 Schiggy
92%
002 Bisaknosp
91%
005 Glutexo
91%
009 Turtok
88%
151 Mew
87%
008 Schillok
85%
016 Taubsi
85%
026 Raichu
84%
010 Raupy
82%
017 Tauboga
82%
018 Tauboss
82%
013 Hornliu
78%
012 Smettbo
77%
144 Arktos
76%
146 Lavados
75%
150 Mewtu
75%
015 Bibor
74%
011 Safcon
74%
145 Zapdos
74%
014 Kokuna
72%
074 Kleinstein
71%
133 Evoli
70%
149 Dragoran
69%
130 Garados
68%
129 Karpador
68%
094 Gengar
67%
021 Habitak
67%
095 Onix
67%
147 Dratini
66%
022 Ibitak
66%
019 Rattfratz
66%
020 Rattikarl
66%
063 Abra
65%
134 Aquana
65%
092 Nebulak
65%
148 Dragonir
64%
136 Flamara
64%
064 Kadabra
64%
143 Relaxo
64%
065 Simsala
64%
024 Arbok
63%
135 Blitza
63%
075 Georok
63%
034 Nidoking
63%
076 Geowaz
62%
052 Mauzi
62%
031 Nidoqueen
62%
023 Rettan
62%
030 Nidorina
61%
033 Nidorino
60%
093 Alpollo
59%
039 Pummeluff
59%
050 Digda
58%
059 Arkani
57%
051 Digdri
57%
068 Machomei
56%
058 Fukano
55%
069 Knofensa
55%
120 Sterndu
55%
037 Vulpix
55%
041 Zubat
55%
044 Duflor
54%
045 Giflor
54%
131 Lapras
54%
066 Machollo
54%
036 Pixi
54%
042 Golbat
53%
043 Myrapla
53%
110 Smogmog
53%
109 Smogon
53%
100 Voltobal
53%
125 Elektek
52%
126 Magmar
52%
053 Snobilikat
52%
121 Starmie
52%
106 Kicklee
51%
040 Knuddeluff
51%
067 Maschock
51%
035 Piepi
51%
038 Vulnona
51%
118 Goldini
50%
101 Lektrobal
50%
077 Ponita
50%
123 Sichlor
50%
082 Magneton
49%
027 Sandan
49%
071 Sarzenia
49%
128 Tauros
49%
054 Enton
48%
081 Magnetilo
48%
107 Nockchan
48%
028 Sandamer
48%
070 Ultrigaria
48%
032 Nidoran♂
47%
142 Aerodactyl
46%
119 Golking
46%
140 Kabuto
46%
029 Nidoran♀
46%
088 Sleima
46%
097 Hypno
45%
115 Kangama
45%
089 Sleimok
45%
078 Gallopa
44%
111 Rihorn
44%
096 Traumato
44%
132 Ditto
43%
055 Entoron
43%
141 Kabutops
43%
049 Omot
43%
124 Rossana
43%
048 Bluzuk
42%
113 Chaneira
42%
087 Jugong
42%
086 Jurob
42%
103 Kokowei
42%
056 Menki
42%
102 Owei
42%
062 Quappo
42%
060 Quapsel
42%
072 Tentacha
42%
073 Tentoxa
42%
085 Dodri
41%
084 Dodu
41%
122 Pantimos
41%
127 Pinsir
40%
061 Quaputzi
40%
057 Rasaff
40%
138 Amonitas
39%
139 Amoroso
39%
105 Knogga
39%
090 Muschas
39%
083 Porenta
39%
112 Rizeros
39%
091 Austos
38%
079 Flegmon
38%
046 Paras
38%
080 Lahmus
36%
047 Parasek
36%
116 Seeper
36%
104 Tragosso
36%
137 Porygon
35%
114 Tangela
35%
098 Krabby
33%
117 Seemon
33%
099 Kingler
32%
108 Schlurp
32%
No matching quizzes found
Score Distribution
Percent of People with Each Score
Percentile by Number Answered
Your Score History
You have not taken this quiz